00629nam a2200157 a 450000100100000000500170001000800410002704000250006808200160009310000400010924500620014926001010021130000280031295201140034099900170045400003630520200930075646.0120112s1975 mx a 000 0 spa d aDO-SdBNPbspacBNPHU axxxxbL864e1 aLópez Léautaud, José L96244910aEvaluación económica /cJosé L. López Léautaud. aMéxico :aBuenos Aires, Argentina :bMcGraw-HillbCentro Regional de Ayuda Técnica :,c1975. a189 p. :bil. ;c23 cm. 001050718MOaGRbGRcCTd2012-01-12iLF1l0oxxxx L864ep36306-10r2020-06-25w2020-06-25y1ZNo se presta c35796d35796